|
|
|
|
| LEADER |
00000nab a2200000 ar4500 |
| 001 |
vtls008963403 |
| 003 |
SK-MaSNL |
| 005 |
20260303070748.0 |
| 008 |
070414c20070402xo mr|p|||||||000 b|slo |
| 015 |
|
|
|a SNKBUCL2007/04
|2 snkbucl
|
| 038 |
|
|
|a SNKBUCL
|
| 040 |
|
|
|a SNKBUCL
|b slo
|c SNKBUCL
|e AACR2
|
| 041 |
0 |
|
|a slo
|
| 044 |
|
|
|a xo
|c SK
|
| 080 |
|
|
|a 796.332.093.1
|2 2001
|
| 245 |
0 |
0 |
|a Hetrik Tomáša Kaplana
|b prvá futbalová liga - 4. kolo: Cenné body podbrezovej z východu
|
| 300 |
|
|
|b Fotogr., tab.
|
| 648 |
|
7 |
|a sezóna 2007/2008
|2 snkbucl
|9 831001
|
| 650 |
0 |
7 |
|a futbal
|2 snkbucl
|9 3291
|
| 650 |
0 |
7 |
|a 1. liga
|2 snkbucl
|9 722880
|
| 650 |
0 |
7 |
|a 4. kolo
|2 snkbucl
|9 872571
|
| 773 |
0 |
|
|t Šport
|g Roč. 61, č. 77 (2.4.2007), s. 10
|x 0139-7001
|
| 852 |
|
|
|a SNK
|b KIS3GCP
|
| 999 |
|
|
|c 1756813
|d 1758743
|